Informe del SININA

Guardado en:
書目詳細資料
企業作者: Sindicato de la Industria Nacional del Azúcar (El Salvador)
格式: Texto
出版: San José: CEDAL
標簽: 添加標簽
沒有標簽, 成為第一個標記此記錄!

MARC

LEADER 00000 a a2200000 04500
001 18706
003
040
090 |a 010300  
110 |a Sindicato de la Industria Nacional del Azúcar (El Salvador)  
245 |a Informe del SININA  
260 |a San José:   |b CEDAL  
300 |a 3 p.  
999 |c 15157  |d 15157